00784nam a2200205 i 4500003000900000005001700009007000300026008004100029040003000070082001300100100001900113245018400132264007000316300004400386336002700430337003400457338002800491700003200519700002700551DO-SdBNP20240307132459.0ta240307s201u dr a 000 j spa d aDO-SdBNPbspacBNPHUerda bS468222 aSelman, Aidita10aFrancisco del Rosario Sánchez :ben el bicentenario de su nacimiento, 9 de marzo de 1817 - 4 de julio de 1861 /cAidita Selman ; dibujos Jorge E. Pérez ; color Cristian Felix  1aSanto Domingo :bDespacho Primera Dama,bBanco Central, c[201-]. a[8] páginas, bilustracionesc28 cm. 2rdacontentatextobtxt 2rdamediaasin mediación bn 2rdacarrieravolumenbnc1 aPérez, Jorge E. edibujos1 aFelix, Cristianecolor